00331nam a2200109Ia 4500008004100000020001800041040002900059050002200088100002000110245006300130260002800193221021s9999||||xx |||||||||||||| ||und|| a9781848133198 cChuka University Library aHC 800b.H37 2010 aHarrison Graham 0aNeoliberal Africa :the impact of global social engineering aLondonbZed booksc2010